[Event "17. Sparkassen Open 2018 - Gruppe A"]
[Site "Forchheim"]
[Date "2018.09.22"]
[Round "2.1"]
[White "Walter, Florian"]
[Black "Krassowizkij, Jaroslaw"]
[Result "0-1"]
[WhiteElo "2246"]
[BlackElo "2439"]
[PlyCount "56"]
[EventDate "2018.??.??"]
[WhiteTeam "SC Noris-Tarrasch Nürnberg"]
[BlackTeam "SV Jedesheim"]

1. c4 b6 2. Nc3 Bb7 3. d3 g6 4. e4 c5 5. Nf3 Bg7 6. g3 Nc6 7. Bg2 Nf6 8. O-O
O-O 9. Re1 d6 10. h3 Ne8 11. Be3 Nd4 12. Qd2 Qd7 13. Bxd4 cxd4 14. Nd5 e6 15.
Nf4 b5 16. Qb4 bxc4 17. dxc4 Rb8 18. Qa3 Nc7 19. Nd3 e5 20. Qxa7 Ba6 21. b4 Ra8
22. Nfxe5 dxe5 23. Qc5 Rfc8 24. Nxe5 Qe8 25. Nc6 Ne6 26. Qd5 Rxc6 27. e5 Bb7
28. Qb5 Rc7 0-1

[Event "17. Sparkassen Open 2018 - Gruppe A"]
[Site "Forchheim"]
[Date "2018.09.22"]
[Round "2.2"]
[White "Nguyen, Alex Dac-Vuong"]
[Black "Yelisieiev, Yevhenii"]
[Result "0-1"]
[WhiteElo "2240"]
[BlackElo "2331"]
[PlyCount "82"]
[EventDate "2018.??.??"]
[WhiteTeam "SG Leipzig"]
[BlackTeam "SC Noris-Tarrasch Nürnberg"]

1. e4 d6 2. d4 Nf6 3. Nc3 e5 4. Nf3 Nbd7 5. Bc4 Be7 6. O-O O-O 7. h3 c6 8. a4
a5 9. Ba2 exd4 10. Nxd4 Nc5 11. Qf3 Qb6 12. Nb3 Be6 13. Nxc5 Qxc5 14. Qd3 Nd7
15. Be3 Qh5 16. f4 Nc5 17. Qd1 Qxd1 18. Rfxd1 Bxa2 19. Rxa2 Rad8 20. Kf2 f5 21.
Bxc5 dxc5 22. e5 Rd4 23. Rxd4 cxd4 24. Ne2 Rd8 25. Nc1 Kf7 26. Nd3 Ke6 27. b3
g5 28. fxg5 Bxg5 29. Ra1 Kd5 30. Re1 b5 31. Ra1 Bd2 32. Ke2 Bc3 33. Rf1 Rg8 34.
Rxf5 bxa4 35. bxa4 Rxg2+ 36. Kf3 Rxc2 37. Nf4+ Kc4 38. e6 d3 39. Ng2 Bd4 40.
Rf4 Rf2+ 41. Kg3 Re2 0-1

[Event "17. Sparkassen Open 2018 - Gruppe A"]
[Site "Forchheim"]
[Date "2018.09.22"]
[Round "2.3"]
[White "Klek, Hanna Marie"]
[Black "Hesse, Henrik"]
[Result "1-0"]
[WhiteElo "2278"]
[BlackElo "2218"]
[PlyCount "91"]
[EventDate "2018.??.??"]
[WhiteTeam "SC Erlangen"]
[BlackTeam "SV Mattnetz Berlin"]

1. d4 Nf6 2. c4 e6 3. Nc3 Bb4 4. e3 O-O 5. Bd3 d5 6. Nf3 c5 7. cxd5 cxd4 8.
exd4 Qxd5 9. O-O Qd8 10. Bg5 Be7 11. Qe2 Nbd7 12. Rad1 Nd5 13. Bxe7 Nxe7 14.
Ne5 Nf6 15. Qf3 Rb8 16. Rfe1 b6 17. Ne4 Nxe4 18. Bxe4 f6 19. Qh5 f5 20. Bc6 Rf6
21. Bb5 Bb7 22. Bd7 Bd5 23. Re3 Ng6 24. Rh3 Nf8 25. Rc1 Qe7 26. Qh4 Qb4 27. Rg3
Qxb2 28. Nd3 Ng6 29. Rxg6 Qxc1+ 30. Nxc1 Rxg6 31. g3 Rf6 32. Qf4 Rb7 33. Ba4
Rg6 34. Qd6 h6 35. Nd3 b5 36. Bb3 Bxb3 37. axb3 Rf6 38. Ne5 Kh7 39. Nd7 Rf7 40.
Nf8+ Kg8 41. Nxe6 Rf6 42. Qd8+ Kf7 43. d5 Rxe6 44. dxe6+ Kxe6 45. Qc8+ Rd7 46.
Qc6+ 1-0

[Event "17. Sparkassen Open 2018 - Gruppe A"]
[Site "Forchheim"]
[Date "2018.09.22"]
[Round "2.4"]
[White "Bethke, Richard"]
[Black "Arnold, Max"]
[Result "0-1"]
[WhiteElo "2212"]
[BlackElo "2267"]
[PlyCount "48"]
[EventDate "2018.??.??"]
[WhiteTeam "SF Neuberg"]
[BlackTeam "SK Ettlingen"]

1. e4 e5 2. Nf3 Nc6 3. Bc4 Bc5 4. d3 Nf6 5. O-O d6 6. a4 a5 7. h3 h6 8. c3 O-O
9. Re1 Ba7 10. Na3 Ne7 11. d4 exd4 12. Nxd4 c6 13. Nac2 Ng6 14. Nf3 Qc7 15.
Ncd4 Re8 16. Qc2 Ne5 17. Nxe5 dxe5 18. Nf5 Bxf5 19. exf5 Rad8 20. g4 e4 21. Be3
Bb8 22. f4 exf3 23. Bf1 Qg3+ 24. Kh1 Ne4 0-1

[Event "17. Sparkassen Open 2018 - Gruppe A"]
[Site "Forchheim"]
[Date "2018.09.22"]
[Round "2.5"]
[White "Hoffmann, Hendrik"]
[Black "Kilian, Markus"]
[Result "1-0"]
[WhiteElo "2265"]
[BlackElo "2065"]
[PlyCount "77"]
[EventDate "2018.??.??"]
[WhiteTeam "SG Leipzig"]
[BlackTeam "SV Würzburg"]

1. e4 g6 2. d4 Bg7 3. Nf3 d6 4. h3 Nf6 5. Nc3 O-O 6. Be2 c5 7. dxc5 Qa5 8. O-O
Qxc5 9. Be3 Qa5 10. Qd2 Nc6 11. Bh6 a6 12. Bxg7 Kxg7 13. a3 b5 14. b4 Qb6 15.
Nd5 Nxd5 16. exd5 Ne5 17. Nxe5 dxe5 18. c4 bxc4 19. Bxc4 Bb7 20. Rac1 Rfd8 21.
Rfd1 Rac8 22. Qe2 f6 23. h4 Rd6 24. h5 Bxd5 25. h6+ Kf8 26. Bxd5 Rxc1 27. Rxc1
Rxd5 28. Rc8+ Kf7 29. Rh8 Qd4 30. Rxh7+ Kg8 31. Rxe7 Qd1+ 32. Qxd1 Rxd1+ 33.
Kh2 Ra1 34. Ra7 Rxa3 35. b5 Rb3 36. bxa6 Ra3 37. Rg7+ Kh8 38. a7 f5 39. Rb7 1-0

[Event "17. Sparkassen Open 2018 - Gruppe A"]
[Site "Forchheim"]
[Date "2018.09.22"]
[Round "2.6"]
[White "Hilverda, Alexander"]
[Black "Kalinin, Oleksandr"]
[Result "1-0"]
[WhiteElo "2370"]
[BlackElo "2113"]
[PlyCount "119"]
[EventDate "2018.??.??"]
[WhiteTeam "SC Erlangen"]
[BlackTeam "Münchener SC"]

1. d4 Nf6 2. c4 e6 3. g3 d5 4. Nf3 Bb4+ 5. Bd2 Be7 6. Bg2 O-O 7. O-O c6 8. Qc2
b6 9. Bf4 Nbd7 10. Rd1 Bb7 11. Nbd2 Rc8 12. e4 dxe4 13. Nxe4 Nxe4 14. Qxe4 Nf6
15. Qe2 Bd6 16. Ne5 Qe7 17. a3 c5 18. Ng6 hxg6 19. Bxd6 Qxd6 20. Bxb7 Rc7 21.
dxc5 Qxc5 22. Ba6 Qf5 23. b4 g5 24. Rd4 e5 25. Qd3 Qh3 26. Rd8 Re7 27. Rxf8+
Kxf8 28. Bb5 Qg4 29. Qd8+ Ne8 30. Rd1 e4 31. c5 bxc5 32. bxc5 Qf5 33. Rd5 Qf3
34. Rd7 Qf6 35. c6 e3 36. fxe3 Rxd7 37. Qxd7 Qe5 38. Qd3 Qa1+ 39. Kg2 g4 40.
Qb3 Qe5 41. Be2 Qe4+ 42. Kg1 Qxc6 43. Bxg4 Qc1+ 44. Kg2 g6 45. h4 Kg7 46. Qd3
Qb2+ 47. Kh3 Nf6 48. Bf3 Qc1 49. g4 Qc7 50. Qd4 Qd7 51. Qc3 Qe6 52. Kg3 Kg8 53.
Qb4 a6 54. h5 Nd7 55. Kh3 Ne5 56. Be2 Nc6 57. Qf4 Ne5 58. Qe4 Kg7 59. Bxa6 Nxg4
60. Qxe6 1-0

[Event "17. Sparkassen Open 2018 - Gruppe A"]
[Site "Forchheim"]
[Date "2018.09.22"]
[Round "2.7"]
[White "Pietzsch, Manuel"]
[Black "Miller, Eduard"]
[Result "0-1"]
[WhiteElo "2176"]
[BlackElo "2355"]
[PlyCount "80"]
[EventDate "2018.??.??"]
[WhiteTeam "SG Leipzig"]
[BlackTeam "SC Erlangen"]

1. e4 e5 2. Bc4 Nf6 3. d3 Bc5 4. Nc3 Nc6 5. f4 d6 6. Nf3 Bg4 7. Na4 Bxf3 8.
Qxf3 Nd4 9. Qd1 b5 10. Nxc5 bxc4 11. fxe5 dxc5 12. exf6 Qxf6 13. c3 Nc6 14. Qf3
Qxf3 15. gxf3 cxd3 16. Be3 c4 17. b3 Rb8 18. Kd2 O-O 19. Rhb1 f5 20. bxc4 Ne5
21. Rxb8 Rxb8 22. Bf4 Rb2+ 23. Ke3 Re2+ 24. Kd4 d2 25. Kxe5 Re1 26. Bxd2 Rxa1
27. Kxf5 Rxa2 28. Bf4 Rc2 29. Ke6 Rxc3 30. Kd5 c6+ 31. Kc5 a5 32. Bd2 Rxf3 33.
Bxa5 Kf7 34. Kxc6 Ke6 35. Bc7 Re3 36. e5 Rh3 37. c5 Rxh2 38. Bd6 Rc2 39. Kc7 g5
40. c6 Kd5 0-1

[Event "17. Sparkassen Open 2018 - Gruppe A"]
[Site "Forchheim"]
[Date "2018.09.22"]
[Round "2.8"]
[White "Gramb, Marius"]
[Black "Böhme, Markus"]
[Result "1/2-1/2"]
[WhiteElo "2073"]
[BlackElo "2096"]
[PlyCount "28"]
[EventDate "2018.??.??"]
[WhiteTeam "Brühler SK"]
[BlackTeam "SC Uttenreuth"]

1. d4 Nf6 2. c4 c5 3. d5 b5 4. Qc2 b4 5. e4 d6 6. Bd3 g6 7. Nf3 Bg7 8. O-O O-O
9. a3 a5 10. h3 Na6 11. Re1 e5 12. dxe6 Bxe6 13. Bf4 Nh5 14. Bc1 Rb8 1/2-1/2

[Event "17. Sparkassen Open 2018 - Gruppe A"]
[Site "Forchheim"]
[Date "2018.09.22"]
[Round "2.9"]
[White "Schulz, Lukas"]
[Black "Meulner, Klaus"]
[Result "1-0"]
[WhiteElo "2263"]
[BlackElo "2120"]
[PlyCount "51"]
[EventDate "2018.??.??"]
[WhiteTeam "SC Erlangen"]
[BlackTeam "SW Nürnberg Süd"]

1. e4 c6 2. Nc3 d5 3. d4 dxe4 4. h3 Bf5 5. g4 Bg6 6. Nge2 h6 7. Bg2 Nf6 8. O-O
e6 9. Ng3 Nbd7 10. Ncxe4 Nxe4 11. Nxe4 Nf6 12. Nxf6+ gxf6 13. Re1 Qd6 14. Qf3
O-O-O 15. Bf4 Qb4 16. a3 Qb6 17. c4 c5 18. Bg3 cxd4 19. Qxf6 Rg8 20. Rac1 Bg7
21. c5 Qb3 22. Qe7 Rd7 23. c6 Rxe7 24. cxb7+ Kd7 25. Rc7+ Kd8 26. Bc6 1-0

[Event "17. Sparkassen Open 2018 - Gruppe A"]
[Site "Forchheim"]
[Date "2018.09.22"]
[Round "2.10"]
[White "Humburg, Philipp"]
[Black "Faßhauer, Jacob"]
[Result "1-0"]
[WhiteElo "2253"]
[BlackElo "2056"]
[PlyCount "158"]
[EventDate "2018.??.??"]
[WhiteTeam "SK Vellmar"]
[BlackTeam "SG Leipzig"]

1. d4 Nf6 2. c4 e6 3. Nf3 Bb4+ 4. Nc3 O-O 5. Bg5 h6 6. Bh4 d5 7. e3 b6 8. cxd5
exd5 9. Bd3 Nbd7 10. O-O Bb7 11. Rc1 a6 12. a3 Be7 13. Qe2 c5 14. dxc5 bxc5 15.
Rfd1 Ne4 16. Bxe7 Qxe7 17. Bxe4 dxe4 18. Nd2 Rfd8 19. Nc4 Nf8 20. Na5 Qc7 21.
Nxb7 Qxb7 22. Qc2 Rxd1+ 23. Rxd1 Re8 24. h3 Kh8 25. Rd2 Qc6 26. Qb3 c4 27. Qb5
Ne6 28. Rd6 Qc7 29. Nd5 Qc8 30. Qa4 Rd8 31. Rxd8+ Qxd8 32. Qxc4 Qb8 33. b4 Qe5
34. Nc3 f5 35. a4 f4 36. exf4 Nxf4 37. Nxe4 Qa1+ 38. Kh2 Qxa4 39. Qc8+ Kh7 40.
Qf5+ Ng6 41. h4 Qb5 42. Qxb5 axb5 43. h5 Nf4 44. Nc3 Nd3 45. Nxb5 Nxb4 46. Nd4
Kg8 47. Kg3 Kf7 48. f4 Nd3 49. Kf3 Nc5 50. Nc6 Kf6 51. Ne5 Kf5 52. g4+ Ke6 53.
Ke3 Nb7 54. Kd4 Nd6 55. Nd3 Ne8 56. Nc5+ Kd6 57. Ne4+ Ke6 58. f5+ Ke7 59. Ke5
Nf6 60. Kf4 Nd7 61. Kf3 Kf7 62. Kg3 Ke7 63. Kf4 Kf7 64. Nd6+ Kf6 65. Nc4 Ke7
66. Ne3 Nf6 67. Kg3 Kd6 68. Kf3 Kd7 69. Nc2 Ke7 70. Nd4 Kf7 71. Kf4 Ke7 72. Ne6
Kf7 73. Nd4 Ke7 74. Nf3 Kd7 75. g5 hxg5+ 76. Kxg5 Ke7 77. Kg6 Kf8 78. h6 Kg8
79. Ne5 Nh7 1-0

[Event "17. Sparkassen Open 2018 - Gruppe A"]
[Site "Forchheim"]
[Date "2018.09.22"]
[Round "2.11"]
[White "Kotz, Reinhard"]
[Black "Pfitzer, Norbert"]
[Result "1-0"]
[WhiteElo "2171"]
[BlackElo "2093"]
[PlyCount "65"]
[EventDate "2018.??.??"]
[WhiteTeam "SK Herzogenaurach"]
[BlackTeam "SV Backnang"]

1. e4 e5 2. Nf3 d6 3. d4 exd4 4. Nxd4 Nf6 5. Nc3 Be7 6. Be3 O-O 7. Qd2 Nc6 8.
O-O-O Nxd4 9. Bxd4 Be6 10. Kb1 a6 11. a3 b5 12. f4 c6 13. Qe3 Qc7 14. g4 c5 15.
Bxf6 Bxf6 16. Nd5 Bxd5 17. Rxd5 Rfe8 18. Bg2 Be7 19. g5 Reb8 20. h4 c4 21. h5
b4 22. h6 c3 23. Qd4 Bf8 24. b3 a5 25. Bf1 a4 26. Bc4 axb3 27. Bxb3 Ra5 28. f5
Rc5 29. g6 Qa5 30. gxf7+ Kh8 31. hxg7+ Bxg7 32. Qd1 Qxa3 33. Rxh7+ 1-0

[Event "17. Sparkassen Open 2018 - Gruppe A"]
[Site "Forchheim"]
[Date "2018.09.22"]
[Round "2.12"]
[White "Willim, Michael"]
[Black "Böhme, Sebastian"]
[Result "0-1"]
[WhiteElo "2120"]
[BlackElo "1999"]
[PlyCount "66"]
[EventDate "2018.??.??"]
[WhiteTeam "SC Erlangen"]
[BlackTeam "SC Uttenreuth"]

1. c4 e5 2. Nc3 Nf6 3. Nf3 Nc6 4. d4 exd4 5. Nxd4 Bc5 6. Nxc6 bxc6 7. g3 O-O 8.
Bg2 Rb8 9. O-O Re8 10. b3 Ba6 11. Qc2 Qe7 12. Bg5 h6 13. Bxf6 Qxf6 14. Ne4 Qg6
15. Qd2 Bb4 16. Qxd7 Rxe4 17. Bxe4 Qxe4 18. Qxc7 Re8 19. Rad1 Bc8 20. Qf4 Qxf4
21. gxf4 Bh3 22. Rd3 Bxf1 23. Kxf1 f5 24. Rd7 Re7 25. Rd8+ Kf7 26. Rc8 c5 27.
Rc6 a5 28. Rd6 a4 29. bxa4 Ra7 30. h4 Rxa4 31. h5 Rxa2 32. Rd7+ Kf6 33. Rd6+
Ke7 0-1

[Event "17. Sparkassen Open 2018 - Gruppe A"]
[Site "Forchheim"]
[Date "2018.09.22"]
[Round "2.13"]
[White "Pichl, Michael"]
[Black "Glawe, Ralf"]
[Result "0-1"]
[WhiteElo "2051"]
[BlackElo "2060"]
[PlyCount "62"]
[EventDate "2018.??.??"]
[WhiteTeam "SV Empor Erfurt"]
[BlackTeam "MTV Ingolstadt"]

1. g3 c5 2. Bg2 Nc6 3. c4 g6 4. Nc3 Bg7 5. a3 e6 6. b4 Nxb4 7. axb4 cxb4 8. Qb3
bxc3 9. dxc3 Qf6 10. Bb2 Ne7 11. Nf3 O-O 12. Nd4 d5 13. c5 Nc6 14. Nb5 Bd7 15.
O-O a6 16. Nd6 Rfb8 17. Rfb1 Qe7 18. Ba3 Na5 19. Qb6 Bxc3 20. Ra2 Qd8 21. Rc2
Be5 22. Qb4 Bc6 23. f4 Bxd6 24. cxd6 Nc4 25. Rxc4 dxc4 26. Qxc4 Bxg2 27. Kxg2
Qa5 28. Bb2 Rc8 29. Qd4 Qd5+ 30. e4 Rc2+ 31. Kf3 Qh5+ 0-1

[Event "17. Sparkassen Open 2018 - Gruppe A"]
[Site "Forchheim"]
[Date "2018.09.22"]
[Round "2.14"]
[White "Monninger, Moritz"]
[Black "Lutter, Maximilian"]
[Result "1-0"]
[WhiteElo "2096"]
[BlackElo "1883"]
[PlyCount "80"]
[EventDate "2018.??.??"]
[WhiteTeam "SK Herzogenaurach"]
[BlackTeam "SC Noris-Tarrasch Nürnberg"]

1. d4 Nf6 2. Bg5 e6 3. Nd2 h6 4. Bh4 d5 5. e3 c5 6. c3 Nc6 7. Ngf3 Qb6 8. Bxf6
gxf6 9. Qb3 cxd4 10. Qxb6 axb6 11. exd4 Rg8 12. g3 Bd7 13. Bb5 Bd6 14. O-O Na5
15. a4 Ke7 16. Rfe1 Rgc8 17. Nh4 Bxb5 18. Nf5+ Kd7 19. Nxd6 Kxd6 20. axb5 Nc4
21. Nxc4+ dxc4 22. Kg2 Kd5 23. f3 Rd8 24. Kh3 Rg8 25. Kh4 Kd6 26. f4 f5 27.
Rxa8 Rxa8 28. Kh5 Ke7 29. Re2 Kf6 30. h3 Rg8 31. g4 fxg4 32. hxg4 Ra8 33. Re5
Ra2 34. Kxh6 Rxb2 35. g5+ Ke7 36. Kg7 Rf2 37. Re4 Rf3 38. d5 Rxc3 39. dxe6 fxe6
40. f5 Rg3 1-0

[Event "17. Sparkassen Open 2018 - Gruppe A"]
[Site "Forchheim"]
[Date "2018.09.22"]
[Round "2.15"]
[White "Steinhart, Christoph"]
[Black "Amtmann, Florian"]
[Result "0-1"]
[WhiteElo "1987"]
[BlackElo "2087"]
[PlyCount "56"]
[EventDate "2018.??.??"]
[WhiteTeam "TSV Schönaich"]
[BlackTeam "Spvgg Stetten"]

1. e4 c5 2. c4 Nc6 3. Nc3 g6 4. g3 Bg7 5. Bg2 d6 6. d3 Nd4 7. f4 e6 8. Nge2 Ne7
9. O-O O-O 10. a3 Rb8 11. Rb1 a6 12. b4 b5 13. Kh1 Nec6 14. cxb5 axb5 15. Nxd4
Nxd4 16. Be3 cxb4 17. Rxb4 Nc6 18. Rb3 Na5 19. Rxb5 Ba6 20. Rxb8 Qxb8 21. Na4
Qb5 22. Nb6 Rd8 23. Qc2 Qxd3 24. Qc7 Nb7 25. e5 d5 26. Bc1 Qd4 27. Re1 Qf2 28.
Qc3 Qxb6 0-1

[Event "17. Sparkassen Open 2018 - Gruppe A"]
[Site "Forchheim"]
[Date "2018.09.22"]
[Round "2.16"]
[White "Azimi, Reza"]
[Black "Eichschmied, Patrick"]
[Result "1-0"]
[WhiteElo "2037"]
[BlackElo "1895"]
[PlyCount "67"]
[EventDate "2018.??.??"]
[WhiteTeam "Münchener SC"]
[BlackTeam "MTV Ingolstadt"]

1. d4 Nf6 2. Nf3 d5 3. c4 e6 4. Nc3 Be7 5. Bf4 c6 6. e3 Nbd7 7. cxd5 exd5 8.
Bd3 Nf8 9. Qc2 Ne6 10. Be5 h6 11. h3 O-O 12. g4 Re8 13. O-O-O c5 14. Kb1 c4 15.
Bf5 a6 16. e4 dxe4 17. Nxe4 Nd5 18. Qxc4 b5 19. Qc6 Ra7 20. Nd6 Bxd6 21. Qxd5
Bb7 22. Qb3 Ng5 23. Nxg5 hxg5 24. Rhe1 Ra8 25. Ka1 Qb6 26. Bb1 Rad8 27. Qd3 g6
28. Qb3 Bd5 29. Qg3 Bxe5 30. Rxe5 Rxe5 31. Qxe5 Bf3 32. Rd3 Qc6 33. Qxg5 Re8
34. d5 1-0

[Event "17. Sparkassen Open 2018 - Gruppe A"]
[Site "Forchheim"]
[Date "2018.09.22"]
[Round "2.17"]
[White "Siegl, Melina"]
[Black "Bethke, Robert"]
[Result "0-1"]
[WhiteElo "2019"]
[BlackElo "1937"]
[PlyCount "53"]
[EventDate "2018.??.??"]
[WhiteTeam "SW Nürnberg Süd"]
[BlackTeam "SF Neuberg"]

1. e4 e5 2. Bc4 Nf6 3. d3 Nc6 4. Nf3 Bc5 5. c3 h6 6. Bb3 O-O 7. h3 d5 8. Qe2
Be6 9. Bc2 b5 10. Nbd2 dxe4 11. dxe4 Rb8 12. b4 Bd6 13. Bd3 a5 14. a3 Na7 15.
g4 Nh7 16. Nf1 c5 17. Be3 Qc7 18. Rc1 axb4 19. cxb4 c4 20. Qb2 Nc6 21. Bb1 Ra8
22. Rg1 Rxa3 23. Ke2 Rb3 24. Qc2 c3 25. N1d2 Nxb4 26. Qd1 Rxb1 27. Nxb1 0-1

[Event "17. Sparkassen Open 2018 - Gruppe A"]
[Site "Forchheim"]
[Date "2018.09.22"]
[Round "2.18"]
[White "Reinhard, Ralf-Peter"]
[Black "Braun, Michael"]
[Result "0-1"]
[WhiteElo "1893"]
[BlackElo "2071"]
[PlyCount "56"]
[EventDate "2018.??.??"]
[WhiteTeam "vereinslos"]
[BlackTeam "SG Büchenbach/Roth"]

1. Nf3 d5 2. c4 e6 3. e3 Nf6 4. b3 Nbd7 5. Bb2 Be7 6. Be2 O-O 7. O-O c6 8. d4
b6 9. Nbd2 Bb7 10. Rc1 Rc8 11. Bd3 c5 12. Qe2 Ne4 13. cxd5 exd5 14. Rc2 Bd6 15.
Ba6 Bxa6 16. Qxa6 Bb8 17. Rfc1 Re8 18. Ba3 Re6 19. Qd3 Bd6 20. dxc5 Ndxc5 21.
Nd4 Bxh2+ 22. Kf1 Nxf2 23. Qe2 Rf6 24. N2f3 Nfe4 25. Ke1 Bg3+ 26. Kf1 a5 27. b4
axb4 28. Bxb4 Bf2 0-1

[Event "17. Sparkassen Open 2018 - Gruppe A"]
[Site "Forchheim"]
[Date "2018.09.22"]
[Round "2.19"]
[White "Martin Fernandez, Rodrigo"]
[Black "Tschernatsch, Johannes"]
[Result "1-0"]
[WhiteElo "2096"]
[BlackElo "1801"]
[PlyCount "33"]
[EventDate "2018.??.??"]
[WhiteTeam "SC Erlangen"]
[BlackTeam "USV Potsdam"]

1. d4 Nf6 2. c4 g6 3. Nc3 d5 4. Bg5 c6 5. Bxf6 exf6 6. cxd5 cxd5 7. Qb3 Nc6 8.
e3 Bb4 9. Nge2 O-O 10. a3 Ba5 11. Nf4 Re8 12. Be2 Qd6 13. Qxd5 Qe7 14. Qf3 Ne5
15. Nfd5 Bxc3+ 16. Nxc3 Qd8 17. g4 1-0

[Event "17. Sparkassen Open 2018 - Gruppe A"]
[Site "Forchheim"]
[Date "2018.09.22"]
[Round "2.21"]
[White "Kast, Joannis"]
[Black "Muskat, Gunter"]
[Result "1/2-1/2"]
[WhiteElo "2066"]
[BlackElo "2048"]
[PlyCount "32"]
[EventDate "2018.??.??"]
[WhiteTeam "SK Jöhlingen"]
[BlackTeam "SG Büchenbach/Roth"]

1. e4 e5 2. Nf3 Nc6 3. Bc4 Bc5 4. O-O Nf6 5. d3 O-O 6. c3 d5 7. exd5 Nxd5 8.
Bg5 f6 9. Be3 Bxe3 10. fxe3 Kh8 11. Bxd5 Qxd5 12. d4 Bg4 13. Qe1 exd4 14. exd4
Rae8 15. Qg3 Bxf3 16. Qxf3 Qxf3 1/2-1/2

[Event "17. Sparkassen Open 2018 - Gruppe A"]
[Site "Forchheim"]
[Date "2018.09.22"]
[Round "2.22"]
[White "Schäfer, Sven"]
[Black "Smyk, Jozef"]
[Result "1-0"]
[WhiteElo "1991"]
[BlackElo "1929"]
[PlyCount "22"]
[EventDate "2018.??.??"]
[WhiteTeam "SK Dessau 93"]
[BlackTeam "SK Neumarkt"]

1. e3 e5 2. Nf3 Nc6 3. Bc4 Bc5 4. c3 Nf6 5. d3 d6 6. Bb3 Bg4 7. O-O h6 8. Re1
Bb6 9. Nbd2 Ne7 10. Ne4 Be6 11. Ba4+ c6 1-0

[Event "17. Sparkassen Open 2018 - Gruppe A"]
[Site "Forchheim"]
[Date "2018.09.22"]
[Round "2.23"]
[White "Hirn, Erwin"]
[Black "Ulusoy, Tolga"]
[Result "1-0"]
[WhiteElo "2061"]
[BlackElo "2069"]
[PlyCount "113"]
[EventDate "2018.??.??"]
[WhiteTeam "SK Neumarkt"]
[BlackTeam "SC Noris-Tarrasch Nürnberg"]

1. d4 Nf6 2. c4 c5 3. e3 e6 4. Nc3 d5 5. Nf3 Nc6 6. Be2 Be7 7. O-O O-O 8. b3
Ne4 9. Bb2 b6 10. dxc5 Bxc5 11. cxd5 Nxc3 12. Bxc3 exd5 13. Ne5 Bb7 14. Nxc6
Bxc6 15. Rc1 Rc8 16. Bd4 Qe7 17. f4 Rfd8 18. Bf3 Bb7 19. Qd3 Re8 20. Rfe1 Rcd8
21. Rc2 Bd6 22. Rec1 Ba3 23. Re1 Bd6 24. Rec1 Ba3 25. Re1 h6 26. Ree2 Bd6 27.
g3 Qd7 28. g4 Qe7 29. Rg2 Rc8 30. Rxc8 Rxc8 31. Rc2 Re8 32. Qc3 f6 33. Qd3 Qe6
34. Rg2 Rc8 35. Rc2 Bc5 36. Kf2 Bd6 37. Rxc8+ Qxc8 38. Bxf6 Qe6 39. Bd4 Qe7 40.
Kg3 Qf7 41. Bd1 g5 42. Be5 gxf4+ 43. Bxf4 Bxf4+ 44. exf4 Qe6 45. Bc2 Kf8 46.
Qf5+ Ke7 47. Qxe6+ Kxe6 48. h4 Ba6 49. Kf3 Kd6 50. Ke3 Kc5 51. Bd3 Bb7 52. g5
d4+ 53. Kd2 hxg5 54. fxg5 Kd6 55. h5 Ke7 56. h6 Kf8 57. g6 1-0

[Event "17. Sparkassen Open 2018 - Gruppe A"]
[Site "Forchheim"]
[Date "2018.09.22"]
[Round "2.24"]
[White "Gheng, Dominik"]
[Black "Drivas, Stefanos"]
[Result "1-0"]
[WhiteElo "1995"]
[BlackElo "1955"]
[PlyCount "57"]
[EventDate "2018.??.??"]
[WhiteTeam "Schach-Kids Bernhausen"]

1. e4 c5 2. c4 Nc6 3. Nc3 g6 4. g3 Bg7 5. Bg2 Nf6 6. Nge2 O-O 7. O-O d6 8. a3
Ng4 9. h3 Nge5 10. d3 a6 11. f4 Nd7 12. Rb1 Rb8 13. b4 b6 14. Be3 Nd4 15. g4
Bb7 16. f5 e6 17. Qd2 exf5 18. gxf5 gxf5 19. Nf4 Nf6 20. Bxd4 cxd4 21. Ncd5
fxe4 22. dxe4 Nxd5 23. exd5 Qg5 24. Kh1 Be5 25. Be4 Bxf4 26. Rxf4 Kh8 27. Qxd4+
f6 28. Bxh7 Qg3 29. Bf5 1-0

[Event "17. Sparkassen Open 2018 - Gruppe A"]
[Site "Forchheim"]
[Date "2018.09.22"]
[Round "2.25"]
[White "Köhler, Lukas"]
[Black "von Zimmermann, Georg"]
[Result "1/2-1/2"]
[WhiteElo "1926"]
[BlackElo "2036"]
[PlyCount "64"]
[EventDate "2018.??.??"]
[WhiteTeam "SC Bamberg"]
[BlackTeam "MSA Zugzwang"]

1. e4 c5 2. Nf3 Nc6 3. g3 g6 4. Bg2 Bg7 5. d3 e5 6. c3 d5 7. exd5 Qxd5 8. O-O
Nge7 9. Re1 Bg4 10. h3 Bxf3 11. Bxf3 Qd7 12. Be3 b6 13. d4 cxd4 14. cxd4 Rd8
15. dxe5 Nxe5 16. Qxd7+ Rxd7 17. Be2 O-O 18. Nc3 Nf5 19. Bf4 Nd3 20. Bxd3 Rxd3
21. Red1 Rfd8 22. Rxd3 Rxd3 23. Rd1 Rxd1+ 24. Nxd1 Kf8 25. Kf1 Nd4 26. h4 Ke7
27. Ke1 Ke6 28. Kd2 Kd5 29. Nc3+ Kc6 30. Kd3 Ne6 31. Be3 a6 32. b3 f5 1/2-1/2

[Event "17. Sparkassen Open 2018 - Gruppe A"]
[Site "Forchheim"]
[Date "2018.09.22"]
[Round "2.26"]
[White "Heppert, Lars"]
[Black "Seidel, Michael"]
[Result "1/2-1/2"]
[WhiteElo "1970"]
[BlackElo "2042"]
[PlyCount "103"]
[EventDate "2018.??.??"]
[WhiteTeam "SK Neuburg"]
[BlackTeam "SC Schwarzenbach"]

1. c4 e5 2. g3 Nc6 3. Bg2 Nf6 4. Nc3 d6 5. e3 g6 6. Nge2 Bg7 7. O-O O-O 8. d4
a5 9. h3 Qe7 10. d5 Nb4 11. a3 Na6 12. b4 b6 13. Rb1 Nd7 14. e4 f5 15. f4 fxe4
16. Nxe4 exf4 17. Nxf4 Ne5 18. Ne6 Bxe6 19. dxe6 Rxf1+ 20. Qxf1 Rf8 21. Qe2
Qxe6 22. Ng5 Qf5 23. Rb3 axb4 24. axb4 c5 25. Be4 Qd7 26. Bd5+ Kh8 27. Ne6 Re8
28. Nxg7 Kxg7 29. b5 Nc7 30. Bg2 Ne6 31. Qe3 Nd4 32. Qh6+ Kh8 33. Bg5 Qf5 34.
Re3 Nef3+ 35. Bxf3 Nxf3+ 36. Kg2 Rxe3 37. Bxe3 Ne5 38. g4 Qf3+ 39. Kh2 Nxc4 40.
Bf4 Qe2+ 41. Kg3 Qe7 42. h4 Kg8 43. h5 Qg7 44. Qg5 Qf7 45. h6 Qe6 46. Qd8+ Kf7
47. Qh8 Qe1+ 48. Kh3 Qf1+ 49. Kg3 Qg1+ 50. Kh3 Qf1+ 51. Kg3 Qg1+ 52. Kh3
1/2-1/2

[Event "17. Sparkassen Open 2018 - Gruppe A"]
[Site "Forchheim"]
[Date "2018.09.22"]
[Round "2.27"]
[White "Schreiter, Thomas"]
[Black "Paeslack, Luis"]
[Result "0-1"]
[WhiteElo "2022"]
[BlackElo "1897"]
[PlyCount "62"]
[EventDate "2018.??.??"]
[WhiteTeam "SG Leipzig"]
[BlackTeam "TV-Großostheim"]

1. d4 Nf6 2. c4 e6 3. Nf3 c5 4. Nc3 d5 5. cxd5 exd5 6. g3 Nc6 7. Bg2 Bg4 8. Be3
Qb6 9. Na4 Qa5+ 10. Bd2 Qb5 11. dxc5 Bxc5 12. Nxc5 Qxc5 13. O-O O-O 14. Be3 Qb5
15. b3 Rfe8 16. Rc1 Rad8 17. Re1 d4 18. Bd2 Nd5 19. Rc4 Nb6 20. a4 Qf5 21. Nh4
Qe6 22. Rc5 d3 23. Qb1 dxe2 24. Bc3 Rd1 25. Qc2 Nd4 26. Qb2 Nxb3 27. Rg5 Nd4
28. a5 Na4 29. Qb4 Nxc3 30. Qxc3 Rxe1+ 31. Qxe1 Nc2 0-1

[Event "17. Sparkassen Open 2018 - Gruppe A"]
[Site "Forchheim"]
[Date "2018.09.22"]
[Round "2.28"]
[White "Steinbach, Peter"]
[Black "Braun, Kristin"]
[Result "1-0"]
[WhiteElo "1959"]
[BlackElo "1919"]
[PlyCount "117"]
[EventDate "2018.??.??"]
[WhiteTeam "SV Crailsheim"]
[BlackTeam "SC JÄKLECHEMIE"]

1. d4 Nf6 2. Bg5 e6 3. e4 Be7 4. Nd2 d5 5. e5 Nfd7 6. Bxe7 Qxe7 7. f4 c5 8.
Ngf3 Nc6 9. c3 cxd4 10. cxd4 Qb4 11. a3 Qxb2 12. Nb3 Qc3+ 13. Kf2 Nb6 14. Qb1
Nc4 15. Ra2 N6a5 16. Bxc4 dxc4 17. Nc5 Nb3 18. Ne4 Qd3 19. Qxd3 cxd3 20. Rb2
Na5 21. Nd6+ Ke7 22. Rc1 b6 23. Rc7+ Bd7 24. Ke3 Kd8 25. Rc3 Rf8 26. Kxd3 Rb8
27. Ng5 h6 28. Ngxf7+ Ke7 29. Rc7 Rxf7 30. Nxf7 Rf8 31. Nd6 Rxf4 32. Ke3 Rh4
33. g3 Rg4 34. Rxa7 Nc6 35. Rc7 Kd8 36. Rb7 Rxd4 37. R2xb6 Ra4 38. Nf7+ Ke8 39.
Rb3 Na5 40. Nd6+ Ke7 41. Nc8+ Ke8 42. Nb6 Nxb3 43. Nxa4 Bxa4 44. Rb4 Nc5 45.
Rc4 Nd7 46. Rxa4 Nxe5 47. Re4 Nd7 48. Rxe6+ Kf7 49. Rc6 Ne5 50. Rc5 Ng4+ 51.
Kf4 Nxh2 52. a4 g5+ 53. Kf5 Nf3 54. Rc7+ Ke8 55. Rc4 h5 56. a5 Nd2 57. Rb4 h4
58. gxh4 gxh4 59. a6 1-0